000
00269nam a2200109Ia 4500
001
1275917
005
20260417160437.0
008
260417s9999 xx 000 0 und d
020
_a
9786256910201
245
0
_a
Graham bell
_c
Tuğba Hatun Murat
260
_b
Ketebe Çocuk
999
_c
1275917
_d
1275917